ბათუმის შოთა რუსთაველის სახელმწიფო უნივერსიტეტის ბიბლიოთეკა

Early Modern English Literature The Cambridge History Of. (ბიბ.ჩანაწერი № 45409)

000 -LEADER
fixed length control field 00598nam a2200217Ia 4500
001 - CONTROL NUMBER
control field 12233
003 - CONTROL NUMBER IDENTIFIER
control field GE_BSU
008 - FIXED-LENGTH DATA ELEMENTS--GENERAL INFORMATION
fixed length control field 181216s||||||||xx |||||||||||||| ||und||
020 ## - INTERNATIONAL STANDARD BOOK NUMBER
International Standard Book Number 0521631564
040 ## - CATALOGING SOURCE
Transcribing agency GE_BSU
080 ## - UNIVERSAL DECIMAL CLASSIFICATION NUMBER
Universal Decimal Classification number 821.353.1.09
245 ## - TITLE STATEMENT
Title Early Modern English Literature The Cambridge History Of.
245 ## - TITLE STATEMENT
Statement of responsibility, etc. Edited By David Loewenstein and Janel Mueller.
260 ## - PUBLICATION, DISTRIBUTION, ETC.
Place of publication, distribution, etc. Cambridge.
260 ## - PUBLICATION, DISTRIBUTION, ETC.
Name of publisher, distributor, etc. Cambridge University Press.
260 ## - PUBLICATION, DISTRIBUTION, ETC.
Date of publication, distribution, etc. 2002
300 ## - PHYSICAL DESCRIPTION
Extent 1038p;23cm.
653 ## - INDEX TERM--UNCONTROLLED
Uncontrolled term Early Modern English Literature The Cambridge History Of.
942 ## - ADDED ENTRY ELEMENTS (KOHA)
Koha item type წიგნი
ეგზემპლარები
Withdrawn status Lost status Damaged status Not for loan Date acquired Barcode Date last seen Price effective from Koha item type
        2018-12-17 36140 2018-12-17 2018-12-17 წიგნი